| 000 | 00746cam a2200241 4500 | ||
|---|---|---|---|
| 001 | M88769 | ||
| 008 | 1955 | ||
| 035 | _a(Sirsi) u83157 | ||
| 041 | _aeng | ||
| 050 | _a333.0023 | ||
| 110 |
_aRoyal Institution of Chartered Surveyors _94900 |
||
| 245 | 0 | 4 | _aThe chartered surveyor : his training and his work, with a foreward by the Rt. Hon. Sir Winston Churchill KG, OM, CH, M.P. |
| 250 | _a2nd ed. | ||
| 260 |
_aLondon _bRICS _c1955 |
||
| 300 | _a36p. ; 21cm. | ||
| 350 | _a0 | ||
| 650 | _aABOUT RICS-RICS MEMBERS | ||
| 650 | _aCAREERS, EDUCATION AND TRAINING | ||
| 651 | 4 |
_aUnited Kingdom _y |
|
| 690 | _aMANAGEMENT-BUSINESS MANAGEMENT-PROFESSIONAL PRACTICE | ||
| 942 | _n0 | ||
| 948 | _c19/01/1998 | ||
| 999 |
_c96866 _d96866 |
||